Formula one drivers line-up 2006 - Statistics

General Stats
  • This quiz has been taken 108 times
  • The average score is 21 of 27
Answer Stats
Constructor Rounds Driver Nationality % Correct
Renault All Fernando Alonso Spain
97%
Ferrari All Michael Schumacher Germany
91%
Toyota All Ralf Schumacher Germany
90%
Ferrari All Felipe Massa Brazil
88%
McLaren 1-10 Juan Pablo Montoya Colombia
88%
Renault All Giancarlo Fisichella Italy
87%
Toyota All Jarno Trulli Italy
87%
McLaren All Kimi Räikkönen Finland
87%
BMW-Sauber 13-18 Robert Kubica Poland
87%
Red Bull All David Coulthard UK
85%
BMW-Sauber 1-12 Jacques Villeneuve Canada
85%
Williams All Mark Webber Australia
85%
BMW-Sauber All Nick Heidfeld Germany
85%
Honda All Jenson Button UK
82%
Honda All Rubens Barrichello Brazil
82%
Super Aguri All Takuma Sato Japan
81%
McLaren 11-18 Pedro de la Rosa Spain
78%
Williams All Nico Rosberg Germany
75%
Toro Rosso All Scott Speed USA
74%
Toro Rosso All Vitantonio Liuzzi Italy
69%
Red Bull 1-15 Christian Klien Austria
68%
Midland All Tiago Monteiro Portugal
63%
Midland All Christijan Albers Netherlands
60%
Red Bull 16-18 Robert Doornbos Netherlands
60%
Super Aguri 12-18 Sakon Yamamoto Japan
60%
Super Aguri 1-4 Yuji Ide Japan
56%
Super Aguri 5-11 Franck Montagny France
44%
No matching quizzes found
Score Distribution
Percent of People with Each Score
Percentile by Number Answered
Your Score History
You have not taken this quiz